| 000 | 00793nam a2200241 a 4500 | ||
|---|---|---|---|
| 005 | 20230926063632.0 | ||
| 008 | 010702s1989 mx r 000 0 spa d | ||
| 020 | _a9688378798 | ||
| 035 | _aUPN01000109078 | ||
| 049 | _aCG | ||
| 050 | 4 |
_aT174.3 _bA7.7 1989 |
|
| 245 | 1 | 0 |
_aArticulación tecnológica y productiva / _ced. Mario Waissbluth ; comp. Marisol Pérez Lizaur. |
| 250 | _a2a ed. | ||
| 260 |
_aMéxico : _bUNAM, Coordinación de la Investigación Científica, _c1989. |
||
| 300 | _a217 p. | ||
| 440 | 0 | _aLecturas sobre desarrollo tecnológico | |
| 650 | 4 | _aTRANSFERENCIA DE TECNOLOGIA | |
| 651 | 4 |
_aMéxico _xIndustrias _96647 |
|
| 651 | 4 |
_aAMERICA LATINA - _xINDUSTRIAS _93980 |
|
| 700 | 1 |
_aWassbluth, Mario, _eed. |
|
| 700 | 1 |
_aPérez Lizaur, Marisol, _ecomp. |
|
| 905 | _aLibro | ||
| 999 |
_c82989 _d82989 |
||